Online
Catalog

Aire y fuego en la raíz : (Record no. 2613)

MARC details
000 -CABECERA
campo de control de longitud fija 00832cam a2200241 a 4500
001 - NÚMERO DE CONTROL
campo de control 000002779
003 - IDENTIFICADOR DEL NÚMERO DE CONTROL
campo de control OSt
005 - FECHA Y HORA DE LA ÚLTIMA TRANSACCIÓN
campo de control 20201002031103.0
008 - DATOS DE LONGITUD FIJA--INFORMACIÓN GENERAL
campo de control de longitud fija 060918s2003 cu 001 0 spa
020 ## - NÚMERO INTERNACIONAL ESTÁNDAR DEL LIBRO
Número Internacional Estándar del Libro 9592710066
040 ## - FUENTE DE LA CATALOGACIÓN
Centro catalogador/agencia de origen DO-SdBNP
Lengua de catalogación spa
Centro/agencia transcriptor BNPHU
082 ## - NÚMERO DE LA CLASIFICACIÓN DECIMAL DEWEY
Número de clasificación 928.7291
Número de documento/Ítem H542A
100 1# - ENTRADA PRINCIPAL--NOMBRE DE PERSONA
Nombre de persona Arias, Salvador,
Fechas asociadas al nombre 1935-
9 (RLIN) 8761
245 10 - MENCIÓN DE TÍTULO
Título Aire y fuego en la raíz :
Resto del título José María Heredia /
Mención de responsabilidad, etc. Salvador Arias; edición de Imeldo Álvarez García.
260 ## - PUBLICACIÓN, DISTRIBUCIÓN, ETC.
Lugar de publicación, distribución, etc. La Habana :
Nombre del editor, distribuidor, etc. Centro de Estudios Martianos,
Fecha de publicación, distribución, etc. 2003.
300 ## - DESCRIPCIÓN FÍSICA
Extensión 246 p. ;
Dimensiones 18 cm.
504 ## - NOTA DE BIBLIOGRAFÍA, ETC.
Nota de bibliografía, etc. Bibliografía p: 243-245
600 14 - PUNTO DE ACCESO ADICIONAL DE MATERIA--NOMBRE DE PERSONA
Nombre de persona HEREDIA, JOSÉ MARÍA,
Fechas asociadas al nombre 1803-1839
Subdivisión general CRÍTICA
-- INTERPRETACIÓN
9 (RLIN) 8762
600 14 - PUNTO DE ACCESO ADICIONAL DE MATERIA--NOMBRE DE PERSONA
Nombre de persona HEREDIA, JOSÉ MARÍA,
Fechas asociadas al nombre 1803-1839
Subdivisión general BIOGRAFÍA
9 (RLIN) 8763
700 1# - PUNTO DE ACCESO ADICIONAL--NOMBRE DE PERSONA
Nombre de persona Álvarez García, Imeldo,
Término indicativo de función/relación ed.
9 (RLIN) 5962
910 ## - DATOS DE OPCIÓN DEL USUARIO (OCLC)
Datos de opción del usuario En proceso
942 ## - ELEMENTOS DE PUNTO DE ACCESO ADICIONAL (KOHA)
Fuente del sistema de clasificación o colocación Dewey Decimal Classification
Tipo de ítem Koha Libros y folletos
Holdings
Estado de retiro Estado de pérdida Fuente del sistema de clasificación o colocación Restricciones de uso No para préstamo Código de colección Localización permanente Ubicación/localización actual Ubicación en estantería Fecha de adquisición Fuente de adquisición Número de inventario Total de préstamos Signatura topográfica completa Código de barras Fecha visto por última vez Precio válido a partir de Tipo de ítem Koha Número de copia
    Dewey Decimal Classification   Excluido de préstamo Monografías: Libros y Folletos General General En catalogación 03.07.2009 Donación LF1   928.7291 H542A 2779-10 25.06.2020 25.06.2020 No se presta  
  Extraviado Dewey Decimal Classification   Excluido de préstamo Monografías: Libros y Folletos General General Extraviado 11.04.2017   LF1   928.7291 H542A 2779-20 25.06.2020 25.06.2020 No se presta e. 2

Powered by Koha